[Event "AI Cup Div 3 W"]
[Site "Chess.com INT"]
[Date "2023.09.25"]
[Round "1.2"]
[White "Guseinov, Gadir"]
[Black "Martinez Alcantara, Jose Eduardo"]
[Result "0-1"]
[WhiteElo "2636"]
[BlackElo "2611"]
[PlyCount "134"]
[EventDate "2023.09.25"]
[EventType "k.o. (rapid)"]
[EventRounds "7"]
[EventCountry "USA"]
[SourceTitle "EXT 2024"]
[Source "ChessBase"]
[SourceDate "2023.10.10"]
[SourceVersion "1"]
[SourceVersionDate "2023.10.10"]
[SourceQuality "1"]

1. e4 e5 2. Nf3 Nc6 3. d4 exd4 4. Bc4 Bb4+ 5. c3 dxc3 6. 0-0 c2 7. Qxc2 d6 8. a3 Ba5 9. b4 Bb6 10. Qb3 Qf6 11. Bb2 Ne5 12. Nxe5 dxe5 13. Qg3 Qg6 14. Qxe5+ Ne7 15. Qxg7 Qxg7 16. Bxg7 Rg8 17. Be5 Ng6 18. Bg3 h5 19. h4 Bd4 20. Ra2 Ne5 21. Bxe5 Bxe5 22. g3 Bg4 23. Be2 0-0-0 24. Bxg4+ Rxg4 25. Re2 Rd3 26. Kg2 b6 27. Rfe1 Bxg3 28. fxg3 Rdxg3+ 29. Kf2 Rh3 30. Rf1 Rf4+ 31. Ke1 Rxf1+ 32. Kxf1 Rh1+ 33. Kg2 Rxb1 34. Rf2 Re1 35. Rf4 Re3 36. a4 Kd8 37. Kf2 Rb3 38. Rxf7 Rxb4 39. Ke3 Rxa4 40. Rh7 Ra1 41. Rxh5 a5 42. Rh8+ Kd7 43. h5 a4 44. h6 a3 45. Ra8 Rh1 46. Kf4 Rxh6 47. Rxa3 c5 48. Kf5 c4 49. e5 Rh1 50. Ra7+ Kc6 51. e6 Re1 52. Kf6 b5 53. e7 b4 54. Ra1 Re2 55. Ra2 Re3 56. Ra8 b3 57. e8Q+ Rxe8 58. Rxe8 b2 59. Rb8 c3 60. Ke5 c2 61. Rc8+ Kd7 62. Rxc2 b1Q 63. Rc4 Qb5+ 64. Kd4 Kd6 65. Rc3 Qb4+ 66. Rc4 Qd2+ 67. Ke4 Qd5+ 0-1

[Event "Speed Chess Q2 Sw"]
[Site "Chess.com INT"]
[Date "2023.08.23"]
[Round "4"]
[White "Guseinov, Gadir"]
[Black "Le, Tuan Minh"]
[Result "1-0"]
[WhiteElo "2661"]
[BlackElo "2559"]
[PlyCount "69"]
[EventDate "2023.08.23"]
[EventType "swiss (blitz)"]
[EventRounds "14"]
[EventCountry "USA"]
[SourceTitle "CBM 215 Extra"]
[Source "ChessBase"]
[SourceDate "2023.09.30"]
[SourceVersion "1"]
[SourceVersionDate "2023.09.30"]
[SourceQuality "1"]

1. e4 c5 2. Nc3 Nc6 3. Nf3 g6 4. d4 cxd4 5. Nxd4 Bg7 6. Be3 Nf6 7. Bc4 0-0 8. Bb3 Qa5 9. 0-0 d6 10. h3 Bd7 11. Re1 Rac8 12. Nf3 Be6 13. Qe2 a6 14. Rad1 Nd7 15. Nd5 Nc5 16. Bd2 Qd8 17. c3 Nxb3 18. axb3 Re8 19. Bg5 Bxd5 20. exd5 Ne5 21. Nxe5 Bxe5 22. Qe3 Qd7 23. Bf4 Bh8 24. Qd3 Bf6 25. Re2 a5 26. Rde1 a4 27. bxa4 Qxa4 28. Qf3 Kg7 29. Re4 Qd7 30. Qe3 b5 31. Bh6+ Kg8 32. Bg5 Bxg5 33. Qxg5 f6 34. Qh6 Qf5 35. Rxe7 1-0

[Event "Casablanca Mohammed op 4th"]
[Site "Casablanca"]
[Date "2023.08.14"]
[Round "1"]
[White "Sousa, Andre Ventura"]
[Black "Guseinov, Gadir"]
[Result "1-0"]
[WhiteElo "2445"]
[BlackElo "2661"]
[PlyCount "115"]
[EventDate "2023.08.14"]
[EventType "swiss"]
[EventRounds "9"]
[EventCountry "MAR"]
[SourceTitle "CBM 215 Extra"]
[Source "ChessBase"]
[SourceDate "2023.09.30"]
[SourceVersion "1"]
[SourceVersionDate "2023.09.30"]
[SourceQuality "1"]

1. e4 c5 2. Nf3 e6 3. Nc3 Nc6 4. d4 cxd4 5. Nxd4 Nf6 6. Bf4 Bc5 7. Ndb5 0-0 8. Bc7 Qe7 9. Bd6 Bxd6 10. Qxd6 Qd8 11. 0-0-0 a6 12. Nd4 Ne7 13. a4 b6 14. f3 Ne8 15. Qb4 Bb7 16. Bd3 d6 17. Rhe1 Qc7 18. Bc4 Nc6 19. Nxc6 Bxc6 20. Bb3 b5 21. a5 Bb7 22. f4 Rd8 23. g4 Nf6 24. g5 Nh5 25. f5 Nf4 26. Rf1 e5 27. Bd5 Bc8 28. Kb1 g6 29. f6 Qc5 30. Na2 Bg4 31. Rd2 Be6 32. Bxe6 Nxe6 33. h4 h6 34. gxh6 Kh7 35. Rfd1 Rc8 36. Qxc5 dxc5 37. Rd6 Ra8 38. R1d5 Rfd8 39. Rd7 Rxd7 40. Rxd7 g5 41. hxg5 Nxg5 42. Re7 Nxe4 43. Rxe5 Nxf6 44. Rxc5 Ne4 45. Rc7 Kg6 46. Nb4 f5 47. h7 Nf6 48. Rc6 Kg5 49. Rxa6 Rh8 50. Rb6 f4 51. Rxb5+ Kg4 52. Nd3 Rxh7 53. Rb4 Nh5 54. a6 Kg3 55. Rb7 Rh8 56. a7 Ra8 57. Rf7 Kf3 58. b4 1-0

[Event "FIDE World Cup"]
[Site "Baku"]
[Date "2023.08.04"]
[Round "2.4"]
[White "Bjerre, Jonas Buhl"]
[Black "Guseinov, Gadir"]
[Result "1/2-1/2"]
[WhiteElo "2624"]
[BlackElo "2661"]
[PlyCount "129"]
[EventDate "2023.07.30"]
[EventType "k.o."]
[EventRounds "8"]
[EventCountry "AZE"]
[SourceTitle "EXT 2024"]
[Source "ChessBase"]
[SourceDate "2023.10.10"]
[SourceVersion "1"]
[SourceVersionDate "2023.10.10"]
[SourceQuality "1"]

1. e4 c5 2. Nf3 e6 3. c4 Nc6 4. d4 cxd4 5. Nxd4 Nf6 6. Nc3 Bb4 7. Nxc6 bxc6 8. Bd3 e5 9. 0-0 Bc5 10. Re1 d6 11. Be3 Nd7 12. Na4 Bxe3 13. Rxe3 Nc5 14. Nxc5 dxc5 15. Qa4 Qc7 16. Qa3 Qe7 17. Bf1 0-0 18. Rd1 Rb8 19. Red3 Rb4 20. Rd6 Qc7 21. Qc3 f6 22. b3 a5 23. Qe3 Qb6 24. h4 a4 25. R1d3 axb3 26. axb3 Bg4 27. f3 Bh5 28. Be2 Bf7 29. Bd1 h6 30. Rd2 h5 31. Kh2 Rc8 32. Rd7 Be8 33. R7d6 Qa7 34. f4 exf4 35. Qxf4 Qe7 36. Qf5 Rbb8 37. Qxc5 Qxe4 38. g3 Qe7 39. Qd4 c5 40. Qd5+ Bf7 41. Qd3 Re8 42. Bc2 g6 43. Rd7 Qe3 44. Qf1 f5 45. R7d3 Qe5 46. Qf3 Re7 47. Qc6 Rbe8 48. Qf3 Qe1 49. Bd1 Re3 50. Rxe3 Rxe3 51. Qf2 Qxf2+ 52. Rxf2 Kg7 53. Rd2 Rc3 54. Rd6 Kf8 55. Kg2 Ke7 56. Rc6 Rd3 57. Bf3 Rxb3 58. Rxc5 Rc3 59. Rc7+ Kf6 60. c5 Rc2+ 61. Kf1 Rc3 62. Kf2 Rc2+ 63. Ke3 Rc3+ 64. Kf2 Rc2+ 65. Ke3 1/2-1/2

[Event "FIDE World Cup"]
[Site "Baku"]
[Date "2023.08.04"]
[Round "2.8"]
[White "Bjerre, Jonas Buhl"]
[Black "Guseinov, Gadir"]
[Result "1/2-1/2"]
[WhiteElo "2624"]
[BlackElo "2661"]
[PlyCount "90"]
[EventDate "2023.07.30"]
[EventType "k.o."]
[EventRounds "8"]
[EventCountry "AZE"]
[SourceTitle "EXT 2024"]
[Source "ChessBase"]
[SourceDate "2023.10.10"]
[SourceVersion "1"]
[SourceVersionDate "2023.10.10"]
[SourceQuality "1"]

1. e4 c5 2. Nf3 Nc6 3. d4 cxd4 4. Nxd4 Nf6 5. Nc3 e6 6. a3 Be7 7. Nxc6 bxc6 8. e5 Nd5 9. Ne4 Qc7 10. f4 Qb6 11. c4 Ne3 12. Qd3 Nf5 13. b4 a5 14. c5 Qb8 15. Rb1 Ba6 16. Qc3 Bxf1 17. Rxf1 h5 18. Kf2 axb4 19. axb4 Qb5 20. Rd1 Ra2+ 21. Rb2 Rxb2+ 22. Bxb2 Qb7 23. Qd2 0-0 24. Bc3 Rd8 25. Qe2 h4 26. g4 hxg3+ 27. hxg3 Ra8 28. g4 Nh4 29. Qd2 Qb5 30. Qe2 Qb7 31. Rh1 Ra3 32. g5 Ng6 33. Qh5 Ra2+ 34. Ke3 Bxc5+ 35. bxc5 Qb3 36. Qd1 Rc2 37. Qd3 Rg2 38. Rb1 Qa2 39. Rb8+ Kh7 40. Bd2 Qa1 41. Kf3 Nh4+ 42. Ke3 Nf5+ 43. Kf3 Nh4+ 44. Ke3 Nf5+ 45. Kf3 Nh4+ 1/2-1/2

[Event "FIDE World Cup"]
[Site "Baku"]
[Date "2023.08.04"]
[Round "2.5"]
[White "Guseinov, Gadir"]
[Black "Bjerre, Jonas Buhl"]
[Result "1-0"]
[WhiteElo "2661"]
[BlackElo "2624"]
[PlyCount "81"]
[EventDate "2023.07.30"]
[EventType "k.o."]
[EventRounds "8"]
[EventCountry "AZE"]
[SourceTitle "EXT 2024"]
[Source "ChessBase"]
[SourceDate "2023.10.10"]
[SourceVersion "1"]
[SourceVersionDate "2023.10.10"]
[SourceQuality "1"]

1. e4 e5 2. Nf3 Nc6 3. Bb5 a6 4. Ba4 Nf6 5. d3 b5 6. Bb3 Bc5 7. 0-0 d6 8. a3 h6 9. Nc3 0-0 10. Nd5 Rb8 11. Be3 Nxd5 12. Bxd5 Bxe3 13. fxe3 Ne7 14. Ba2 Ng6 15. b4 Qe7 16. Nd2 Be6 17. Bxe6 Qxe6 18. Qh5 Ne7 19. Rf2 Rbc8 20. a4 c5 21. axb5 axb5 22. bxc5 dxc5 23. Nf3 f6 24. Nh4 c4 25. h3 b4 26. dxc4 Rxc4 27. Ra7 Rf7 28. Rd2 Nc6 29. Rd6 Qe8 30. Rc7 Rxc2 31. Nf5 b3 32. Rxf6 gxf6 33. Nxh6+ Kg7 34. Rxf7+ Qxf7 35. Qxf7+ Kxh6 36. Qxf6+ Kh7 37. Qf7+ Kh6 38. Qxb3 Rc5 39. Qe6+ Kg7 40. Kh2 Rc2 41. h4 1-0